[Event "SC 48/88 Erlangen 3-SG Muehlhof-R'dorf/"]
[Site "?"]
[Date "2014.11.16"]
[Round "3.3"]
[White "Mehwald, Thomas"]
[Black "Gloth, Gerrit"]
[Result "1-0"]
[WhiteElo "1947"]
[BlackElo "1870"]
[PlyCount "63"]
[EventDate "2014.??.??"]
[WhiteTeam "SG Mühlhof-R'dorf/Schw. 1"]
[BlackTeam "SC 48/88 Erlangen 3"]

1. e4 Nf6 2. e5 Nd5 3. d4 d6 4. Nf3 Bg4 5. Be2 e6 6. c4 Nb6 7. O-O Be7 8. Be3
Nc6 9. exd6 cxd6 10. Nbd2 O-O 11. a4 a5 12. Qb3 Nb4 13. Rfe1 Rc8 14. Rac1 Qd7
15. c5 dxc5 16. Ne5 Qd8 17. Bxg4 cxd4 18. Bf4 N6d5 19. Bg3 f5 20. Bh3 Rxc1 21.
Rxc1 g5 22. f3 h5 23. Bf2 g4 24. fxg4 fxg4 25. Nxg4 hxg4 26. Bxg4 Qd6 27. Bg3
Qb6 28. Nc4 Qc6 29. Re1 d3 30. Bxe6+ Kh7 31. Bxd5 Qxd5 32. Rxe7+ 1-0

[Event "SC 48/88 Erlangen 3-SG Muehlhof-R'dorf/"]
[Site "?"]
[Date "2014.11.16"]
[Round "3.4"]
[White "Weiss, Markus"]
[Black "Reuter, Roland"]
[Result "0-1"]
[WhiteElo "1844"]
[BlackElo "1934"]
[PlyCount "70"]
[EventDate "2014.??.??"]
[WhiteTeam "SC 48/88 Erlangen 3"]
[BlackTeam "SG Mühlhof-R'dorf/Schw. 1"]

1. d4 Nf6 2. c4 e6 3. Nc3 d5 4. cxd5 exd5 5. Bg5 Nbd7 6. e3 c6 7. Bd3 Be7 8.
Nge2 h6 9. Bh4 O-O 10. f3 c5 11. O-O a6 12. a4 Re8 13. Bf2 Nf8 14. Bc2 cxd4 15.
exd4 Bd6 16. Qd2 Bd7 17. Bh4 Bc6 18. Bg3 Bxg3 19. Nxg3 N6h7 20. Rfe1 Qf6 21.
Nh5 Qg5 22. Qxg5 Nxg5 23. Nf4 Nge6 24. Nce2 g5 25. Nd3 Nd7 26. Nf2 Nf6 27. Rad1
b5 28. a5 b4 29. Nd3 Rab8 30. Ne5 Bb5 31. Bd3 Bxd3 32. Rxd3 Rec8 33. Rb3 Rc2
34. Nd3 Rxe2 35. Rxe2 Nxd4 0-1

[Event "SC 48/88 Erlangen 3-SG Muehlhof-R'dorf/"]
[Site "?"]
[Date "2014.11.16"]
[Round "3.6"]
[White "Huettl, Walter"]
[Black "Dietrich, Jochen"]
[Result "0-1"]
[WhiteElo "1809"]
[BlackElo "1884"]
[PlyCount "68"]
[EventDate "2014.??.??"]
[WhiteTeam "SC 48/88 Erlangen 3"]
[BlackTeam "SG Mühlhof-R'dorf/Schw. 1"]

1. d4 Nf6 2. Bf4 d6 3. h3 g6 4. Nf3 Bg7 5. Nbd2 Nbd7 6. e4 O-O 7. Bd3 Nh5 8.
Bh2 e5 9. c3 Qe7 10. O-O Nf4 11. Bc4 Nf6 12. Bxf4 exf4 13. Re1 Nd7 14. Rc1 c6
15. Bb3 Nb6 16. c4 c5 17. Nf1 cxd4 18. Nxd4 Be5 19. Nh2 Nd7 20. Qd2 Nc5 21. Bd1
Ne6 22. Ndf3 Rd8 23. Qb4 Nc5 24. Qd2 Ne6 25. Be2 b6 26. Qd5 Bb7 27. Qb5 Nc7 28.
Qb4 Na6 29. Qa3 Nc5 30. b4 Nxe4 31. Nxe5 dxe5 32. Bf3 f5 33. Qb2 Rd2 34. Qa3 a5
0-1

[Event "SC 48/88 Erlangen 3-SG Muehlhof-R'dorf/"]
[Site "?"]
[Date "2014.11.16"]
[Round "3.7"]
[White "Hetzner, Helmut"]
[Black "Weber, Alexander"]
[Result "1-0"]
[WhiteElo "1859"]
[BlackElo "1800"]
[PlyCount "77"]
[EventDate "2014.??.??"]
[WhiteTeam "SG Mühlhof-R'dorf/Schw. 1"]
[BlackTeam "SC 48/88 Erlangen 3"]

1. e4 c6 2. d4 d5 3. exd5 cxd5 4. c4 Nf6 5. Nc3 g6 6. Bg5 Ne4 7. Nxe4 dxe4 8.
Qd2 Bg7 9. O-O-O Bg4 10. Be2 Bxe2 11. Nxe2 Qc7 12. Kb1 Qxc4 13. Rc1 Qd3+ 14.
Qxd3 exd3 15. Nf4 h6 16. Rc8+ Kd7 17. Rxh8 Bxh8 18. Bxh6 Bxd4 19. Nxd3 Nc6 20.
Re1 Rh8 21. Bf4 f6 22. h3 e5 23. Be3 b6 24. Bxd4 Nxd4 25. f4 exf4 26. Nxf4 g5
27. Rd1 gxf4 28. Rxd4+ Ke6 29. Rxf4 Rg8 30. g4 Rh8 31. Rf3 Rc8 32. b3 Rc5 33.
Kb2 Ke5 34. Rf5+ Ke6 35. Rxc5 bxc5 36. Kc3 Ke5 37. h4 Kf4 38. h5 Kxg4 39. h6
1-0

[Event "SK Schwanstetten 1-SK Neumarkt 1"]
[Site "?"]
[Date "2014.11.16"]
[Round "3.1"]
[White "Beesk, Kevin"]
[Black "Manthey, Frank"]
[Result "1-0"]
[WhiteElo "1992"]
[BlackElo "2045"]
[PlyCount "61"]
[EventDate "2014.??.??"]
[WhiteTeam "SK Neumarkt 1"]
[BlackTeam "SK Schwanstetten 1"]

1. e4 c5 2. Nf3 Nc6 3. d4 cxd4 4. Nxd4 g6 5. Nc3 Bg7 6. Nde2 Nf6 7. g3 d6 8.
Bg2 O-O 9. O-O Bd7 10. h3 Qa5 11. Bd2 Qa6 12. a4 b6 13. Rc1 Qc8 14. Kh2 a6 15.
b3 Ra7 16. Be3 Qb8 17. Qd2 Rc8 18. Nd5 Rb7 19. Rfd1 Nxd5 20. exd5 Nd8 21. Bd4
Rbc7 22. Bxg7 Kxg7 23. Nd4 e5 24. dxe6 fxe6 25. Nf3 Nf7 26. Ng5 d5 27. c4 Nxg5
28. Qxg5 Bc6 29. cxd5 Bxd5 30. Qe5+ Kg8 31. Rxd5 1-0

[Event "SK Schwanstetten 1-SK Neumarkt 1"]
[Site "?"]
[Date "2014.11.16"]
[Round "3.2"]
[White "Kroneder, Christian"]
[Black "Gallardo Estrella, Alvaro"]
[Result "1-0"]
[WhiteElo "2054"]
[BlackElo "2055"]
[PlyCount "109"]
[EventDate "2014.??.??"]
[WhiteTeam "SK Schwanstetten 1"]
[BlackTeam "SK Neumarkt 1"]

1. e4 d6 2. d4 g6 3. Nc3 Bg7 4. Be3 e6 5. Qd2 Nd7 6. Nf3 b6 7. Bg5 f6 8. Be3
Bb7 9. O-O-O a6 10. h4 h5 11. Bd3 e5 12. Bc4 Nh6 13. dxe5 Nxe5 14. Nxe5 fxe5
15. Be6 Ng4 16. Bg5 Nf6 17. f4 exf4 18. e5 dxe5 19. Qe2 Qe7 20. Qxe5 Bc8 21.
Nd5 Nxd5 22. Bxe7 Bxe5 23. Bxd5 Rb8 24. Bg5 Bd6 25. Rde1+ Kf8 26. Rhf1 Bf5 27.
Bxf4 Bxf4+ 28. Rxf4 Re8 29. Re6 Kg7 30. Rc6 Re7 31. Rfc4 Rc8 32. Bf3 Kh6 33. b3
b5 34. R4c5 Be4 35. Rxa6 Bxf3 36. gxf3 Re1+ 37. Kb2 Rh1 38. a4 bxa4 39. Rxa4
Rf8 40. Rxc7 Rxf3 41. Rcc4 Rfh3 42. Rd4 R3h2 43. Rac4 Kg7 44. b4 Kf6 45. b5 Re2
46. b6 Re7 47. Rc7 Ree1 48. b7 Rb1+ 49. Kc3 Rb5 50. Rd5 Rhb1 51. Rxb5 Rxb5 52.
Kc4 Rb1 53. Kc5 g5 54. Rc6+ Kf5 55. Rb6 1-0

[Event "SK Schwanstetten 1-SK Neumarkt 1"]
[Site "?"]
[Date "2014.11.16"]
[Round "3.3"]
[White "Simon, Martin"]
[Black "Cipra, Lothar"]
[Result "1-0"]
[WhiteElo "1926"]
[BlackElo "1933"]
[PlyCount "119"]
[EventDate "2014.??.??"]
[WhiteTeam "SK Neumarkt 1"]
[BlackTeam "SK Schwanstetten 1"]

1. e4 c5 2. Nf3 e6 3. d4 cxd4 4. Nxd4 a6 5. c4 Nf6 6. f3 Bc5 7. Nb3 Bb4+ 8. Bd2
Bxd2+ 9. Qxd2 d6 10. Nc3 O-O 11. Rd1 Ne8 12. c5 Qh4+ 13. Qf2 Qxf2+ 14. Kxf2
dxc5 15. Nxc5 b6 16. N5a4 Nd7 17. b4 b5 18. Nb2 Nb6 19. Be2 Bb7 20. Nd3 Nf6 21.
Nc5 Bc8 22. Rd6 Nbd7 23. Nxd7 Nxd7 24. Rhd1 Ra7 25. f4 Rc7 26. R1d3 Nf6 27. Bf3
g6 28. a3 h5 29. e5 Ne8 30. Rc6 f6 31. Rd8 Rxc6 32. Bxc6 Nc7 33. Rxf8+ Kxf8 34.
Ne4 fxe5 35. Nd6 Bd7 36. Bxd7 Ke7 37. fxe5 Kxd7 38. Ke3 Nd5+ 39. Kd4 Kc6 40.
Ne4 Kb6 41. Nc5 Nc7 42. Nd7+ Kc6 43. Nf8 g5 44. Nh7 g4 45. Nf6 h4 46. Nxg4 Nd5
47. g3 Ne7 48. Nh6 Ng6 49. Ke4 Kb6 50. Nf7 a5 51. Nd8 hxg3 52. hxg3 Nf8 53. g4
a4 54. g5 Kc7 55. Nf7 Ng6 56. Nd6 Kc6 57. Ne8 Ne7 58. Ng7 Kd7 59. Nh5 Nd5 60.
Nf6+ 1-0

[Event "SK Schwanstetten 1-SK Neumarkt 1"]
[Site "?"]
[Date "2014.11.16"]
[Round "3.4"]
[White "Arlt, Michael"]
[Black "Bothe, Matthias"]
[Result "1-0"]
[WhiteElo "1884"]
[BlackElo "1823"]
[PlyCount "81"]
[EventDate "2014.??.??"]
[WhiteTeam "SK Schwanstetten 1"]
[BlackTeam "SK Neumarkt 1"]

1. d4 Nf6 2. Nf3 g6 3. c4 Bg7 4. Nc3 d5 5. Bg5 Ne4 6. cxd5 Nxc3 7. bxc3 Qxd5 8.
Qa4+ Bd7 9. Qa3 O-O 10. Bxe7 Re8 11. e3 Nc6 12. Bh4 Na5 13. Qb4 Bf8 14. Qb2 c5
15. Be2 cxd4 16. cxd4 Nc4 17. Qb3 Qa5+ 18. Kf1 Rac8 19. Bg3 b5 20. Kg1 Be6 21.
Qd1 Nb2 22. Qb1 Nc4 23. h3 Na3 24. Qf1 Rc2 25. e4 Bxa2 26. Ne5 Qd2 27. Bxb5
Nxb5 28. Qxb5 Rec8 29. d5 Bg7 30. Rxa2 Rxa2 31. Qd7 Rc1+ 32. Kh2 Rxh1+ 33. Kxh1
Bxe5 34. Qe8+ Kg7 35. Bxe5+ f6 36. Qe7+ Kh6 37. Qxf6 Qg5 38. Bf4 Ra1+ 39. Kh2
Qxf4+ 40. Qxf4+ Kg7 41. d6 1-0

[Event "SK Schwanstetten 1-SK Neumarkt 1"]
[Site "?"]
[Date "2014.11.16"]
[Round "3.5"]
[White "Kipferl, Wolfgang"]
[Black "Schulz, Wilfried"]
[Result "1/2-1/2"]
[WhiteElo "1861"]
[BlackElo "1855"]
[PlyCount "108"]
[EventDate "2014.??.??"]
[WhiteTeam "SK Neumarkt 1"]
[BlackTeam "SK Schwanstetten 1"]

1. d4 Nf6 2. c4 g6 3. Nf3 Bg7 4. Nc3 O-O 5. e4 d6 6. h3 e5 7. d5 a5 8. Bd3 Na6
9. Be3 Qe7 10. a3 Bd7 11. Qd2 Nc5 12. Bc2 Qe8 13. O-O Nfxe4 14. Nxe4 Nxe4 15.
Bxe4 f5 16. Bc2 f4 17. Qe2 fxe3 18. fxe3 Qe7 19. Rad1 b6 20. Nd2 Qg5 21. Nf3
Qe7 22. Nd2 Bh6 23. Rxf8+ Rxf8 24. Rf1 Qg5 25. Rxf8+ Kxf8 26. Qf3+ Ke7 27. Kf2
Bf5 28. Be4 Bd7 29. Bd3 Qf6 30. Qxf6+ Kxf6 31. Ne4+ Ke7 32. Nc3 Bg7 33. b3 Bf6
34. Be4 Bh4+ 35. g3 Bf6 36. h4 Bf5 37. Kf3 h5 38. Bxf5 gxf5 39. Ne2 Kf7 40. e4
Kg6 41. Nc3 Bd8 42. Nd1 f4 43. gxf4 exf4 44. Kxf4 Bxh4 45. Nc3 Bg5+ 46. Kf3 Kf6
47. Nb5 Bc1 48. a4 Ke5 49. Nxc7 Ba3 50. Nb5 Bc5 51. Nc7 Bb4 52. Ne6 Bd2 53. Nd8
Kf6 54. Ne6 Ke5 1/2-1/2

[Event "SK Schwanstetten 1-SK Neumarkt 1"]
[Site "?"]
[Date "2014.11.16"]
[Round "3.6"]
[White "Leonhardt, Frank"]
[Black "Schilay, Lorenz"]
[Result "1-0"]
[WhiteElo "1880"]
[BlackElo "1732"]
[PlyCount "85"]
[EventDate "2014.??.??"]
[WhiteTeam "SK Schwanstetten 1"]
[BlackTeam "SK Neumarkt 1"]

1. e4 e5 2. Nf3 Nc6 3. Bb5 a6 4. Ba4 d6 5. O-O Bg4 6. c3 Qf6 7. d3 Nge7 8. Be3
Ng6 9. Nbd2 Be7 10. Qc2 Nf4 11. d4 b5 12. Bxf4 Qxf4 13. Bb3 Na5 14. a4 Nxb3 15.
Qxb3 O-O 16. axb5 axb5 17. dxe5 dxe5 18. Qxb5 Bxf3 19. Nxf3 Rab8 20. Qe2 Bd6
21. b4 f5 22. Rfe1 Rbe8 23. Nd2 Re6 24. Qe3 Qh4 25. exf5 Rxf5 26. Ne4 Qf4 27.
Ra6 Qxe3 28. Rxe3 Kf7 29. g4 Rg6 30. h3 Rf4 31. Kg2 Ke7 32. f3 Kd7 33. Rd3 Ke7
34. b5 Rf8 35. c4 Bb4 36. Ra7 Rc8 37. Rb3 Be1 38. Rb1 Bh4 39. b6 Rc6 40. b7 Rb8
41. c5 h5 42. Ra8 Rxb7 43. Rxb7 1-0

[Event "SK Schwanstetten 1-SK Neumarkt 1"]
[Site "?"]
[Date "2014.11.16"]
[Round "3.7"]
[White "Brunner, Wolfgang"]
[Black "Arlt, Birgit"]
[Result "1-0"]
[WhiteElo "1900"]
[BlackElo "1585"]
[PlyCount "113"]
[EventDate "2014.??.??"]
[WhiteTeam "SK Neumarkt 1"]
[BlackTeam "SK Schwanstetten 1"]

1. d4 d5 2. c4 Nf6 3. cxd5 Qxd5 4. Nc3 Qd8 5. e4 e6 6. Bg5 Be7 7. Nf3 O-O 8.
Qb3 Nbd7 9. Rd1 c6 10. Be2 Re8 11. O-O Qc7 12. Bh4 Nh5 13. Bxe7 Rxe7 14. d5
exd5 15. exd5 Qd6 16. dxc6 Qxc6 17. Qb4 Re8 18. Bb5 Qb6 19. Rd6 Qd8 20. Bxd7
Bxd7 21. Qxb7 Bc8 22. Qc6 Bb7 23. Qc5 Qe7 24. Nd5 Bxd5 25. Rxd5 Nf6 26. Rf5
Qxc5 27. Rxc5 h6 28. Rfc1 Rad8 29. b4 Nd5 30. R5c4 Nb6 31. Rc7 Rc8 32. Rxc8
Rxc8 33. Rxc8+ Nxc8 34. Nd4 Kf8 35. Kf1 Ke8 36. Ke2 Kd7 37. Nf5 g6 38. Nxh6 f6
39. Kd3 Nb6 40. Ng4 Ke6 41. a3 Nd5 42. g3 Nb6 43. Ne3 g5 44. h3 f5 45. f4 Kf6
46. Kd4 gxf4 47. gxf4 Ke6 48. h4 Nd7 49. h5 Nf6 50. h6 Nh7 51. Kc5 Kf6 52. Kc6
Kg6 53. Kb7 Kxh6 54. Nxf5+ Kg6 55. Nd4 Kf6 56. Kxa7 Nf8 57. b5 1-0

[Event "SK Schwanstetten 1-SK Neumarkt 1"]
[Site "?"]
[Date "2014.11.16"]
[Round "3.8"]
[White "Kotissek, Robert"]
[Black "Niebler, Andreas"]
[Result "1-0"]
[WhiteElo "1775"]
[BlackElo "1801"]
[PlyCount "73"]
[EventDate "2014.??.??"]
[WhiteTeam "SK Schwanstetten 1"]
[BlackTeam "SK Neumarkt 1"]

1. c4 g6 2. Nc3 Bg7 3. g3 Nf6 4. Bg2 c6 5. e4 d6 6. Nge2 Qc7 7. O-O O-O 8. d3
e5 9. h3 Nbd7 10. Be3 Re8 11. Qd2 b6 12. Bh6 Bb7 13. Bxg7 Kxg7 14. f4 Rad8 15.
g4 h6 16. Rf2 Re7 17. Raf1 Nh7 18. Ng3 f6 19. h4 exf4 20. Rxf4 Ne5 21. Qc2 Bc8
22. d4 g5 23. Nf5+ Bxf5 24. Rxf5 Ng6 25. hxg5 hxg5 26. Qd2 Nf4 27. Ne2 Nxg2 28.
Kxg2 Nf8 29. Rxf6 Ne6 30. d5 cxd5 31. cxd5 Nf4+ 32. Nxf4 gxf4 33. Qxf4 Qc2+ 34.
Kg3 Qd3+ 35. Rf3 Qd4 36. Qg5+ Kh8 37. Rf8+ 1-0

[Event "SG Kirchehren./Eberm. 1-SV Lauf 1"]
[Site "?"]
[Date "2014.11.16"]
[Round "3.1"]
[White "Hanisch, Friedrich"]
[Black "Kuhmann, Peter"]
[Result "1/2-1/2"]
[WhiteElo "1987"]
[BlackElo "1843"]
[PlyCount "96"]
[EventDate "2014.??.??"]
[WhiteTeam "SV Lauf 1"]
[BlackTeam "SG Kirchehren./Eberm. 1"]

1. d4 Nf6 2. c4 e6 3. Nc3 d5 4. cxd5 exd5 5. Bg5 Be7 6. Qc2 h6 7. Bh4 O-O 8. e3
b6 9. Be2 Ba6 10. Bf3 c6 11. h3 Nbd7 12. Nge2 Bxe2 13. Bxe2 Ne4 14. Bxe7 Qxe7
15. O-O Nxc3 16. Qxc3 Rac8 17. Ba6 Rc7 18. Rac1 Nb8 19. Be2 f5 20. b4 Nd7 21.
Rc2 Nf6 22. Rfc1 Ne4 23. Qe1 Rf6 24. Bf3 Qd6 25. a4 Ng5 26. Bh5 f4 27. exf4
Qxf4 28. Qe5 Ne6 29. Qxf4 Nxf4 30. Be2 Re7 31. Bf1 Re4 32. g3 Ne6 33. Rxc6 Rxd4
34. Rb1 Rd2 35. f4 Rg6 36. Rb3 Nxf4 37. Rc8+ Kh7 38. Rf3 Ne2+ 39. Bxe2 Rxe2 40.
Rc7 Re4 41. Rb3 a6 42. Ra7 a5 43. bxa5 Rxa4 44. axb6 Rxb6 45. Rxg7+ Kxg7 46.
Rxb6 Ra2 47. Rd6 Rd2 48. g4 Kh7 1/2-1/2

[Event "SG Kirchehren./Eberm. 1-SV Lauf 1"]
[Site "?"]
[Date "2014.11.16"]
[Round "3.2"]
[White "Pokorny, Klaus"]
[Black "Leopold, Christian"]
[Result "1-0"]
[WhiteElo "1736"]
[BlackElo "1962"]
[PlyCount "105"]
[EventDate "2014.??.??"]
[WhiteTeam "SG Kirchehren./Eberm. 1"]
[BlackTeam "SV Lauf 1"]

1. c4 d6 2. Nc3 e5 3. g3 f5 4. Bg2 Nf6 5. d3 Be7 6. e4 c6 7. Nge2 O-O 8. O-O
Be6 9. b3 d5 10. cxd5 cxd5 11. exf5 Bxf5 12. Bg5 Be6 13. d4 e4 14. f3 exf3 15.
Bxf3 Nc6 16. a3 h6 17. Bd2 Rc8 18. b4 Qd7 19. Qb3 Rfd8 20. Rad1 a6 21. Bc1 Bf7
22. Na4 Qc7 23. Nf4 b5 24. Nc5 Bxc5 25. dxc5 d4 26. Qb2 Bc4 27. Rfe1 Ne5 28.
Bg2 g5 29. Rxd4 gxf4 30. Bxf4 Re8 31. Rxe5 Rxe5 32. Bxe5 Qxe5 33. Rd8+ Rxd8 34.
Qxe5 Rd1+ 35. Bf1 Rxf1+ 36. Kg2 Rf2+ 37. Kg1 Rf1+ 38. Kg2 Ng4 39. Qe8+ Kh7 40.
Qd7+ Rf7 41. Qxg4 Bf1+ 42. Kg1 Bc4 43. Qe4+ Kg7 44. c6 Rf1+ 45. Kg2 Rf7 46. c7
Bf1+ 47. Kg1 Bh3 48. Qe2 Kf8 49. g4 Bxg4 50. Qxg4 Rxc7 51. Qf4+ Rf7 52. Qxh6+
Kg8 53. Qxa6 1-0

[Event "SG Kirchehren./Eberm. 1-SV Lauf 1"]
[Site "?"]
[Date "2014.11.16"]
[Round "3.3"]
[White "Rausch, Wolfgang jr"]
[Black "Kotz, Roland"]
[Result "1-0"]
[WhiteElo "2017"]
[BlackElo "1633"]
[PlyCount "69"]
[EventDate "2014.??.??"]
[WhiteTeam "SV Lauf 1"]
[BlackTeam "SG Kirchehren./Eberm. 1"]

1. d4 Nf6 2. Bg5 d5 3. Nd2 Bf5 4. e3 Nbd7 5. Ne2 e6 6. Ng3 Bg6 7. Be2 Be7 8.
O-O O-O 9. c4 h6 10. Bf4 c5 11. b3 Rc8 12. Nf3 Ne4 13. Nxe4 dxe4 14. Ne5 Nxe5
15. Bxe5 Bf6 16. Bxf6 Qxf6 17. dxc5 Rfd8 18. Qc2 Rxc5 19. Rad1 Rxd1 20. Rxd1
Rf5 21. Bf1 Rh5 22. b4 Qe5 23. h3 Qg5 24. Kh1 Bf5 25. Rc1 Qf6 26. c5 g5 27. Qc3
e5 28. c6 bxc6 29. Qxc6 Qe7 30. Qc5 Qd8 31. Qxe5 Qd2 32. Rc7 Be6 33. Qf6 Qxa2
34. Rb7 Kh7 35. Rb8 1-0

[Event "SG Kirchehren./Eberm. 1-SV Lauf 1"]
[Site "?"]
[Date "2014.11.16"]
[Round "3.4"]
[White "Schneider, Norbert"]
[Black "Fiedler, Lars"]
[Result "0-1"]
[WhiteElo "1690"]
[BlackElo "2057"]
[PlyCount "92"]
[EventDate "2014.??.??"]
[WhiteTeam "SG Kirchehren./Eberm. 1"]
[BlackTeam "SV Lauf 1"]

1. Nf3 Nf6 2. d4 e6 3. g3 b6 4. Bg2 Bb7 5. O-O Be7 6. b3 O-O 7. Bb2 d6 8. Nbd2
c5 9. e3 Qc7 10. Rc1 Nbd7 11. Re1 Ne4 12. c4 f5 13. Nf1 Ndf6 14. h3 a5 15. a4
Rad8 16. Qc2 Bc6 17. Red1 Qb7 18. Qe2 Rf7 19. Ne1 d5 20. f3 Nd6 21. Nd3 dxc4
22. Ne5 Rff8 23. Nxc4 Nxc4 24. Qxc4 Bd5 25. Qb5 Kf7 26. dxc5 Bxc5 27. Rxc5 bxc5
28. Qxc5 Qxb3 29. Rd2 Qxa4 30. Rd4 Qb3 31. Ba3 Kg6 32. Qxa5 Ra8 33. Qc7 Qxa3
34. Qf4 Qc5 35. h4 h6 36. g4 fxg4 37. Ng3 gxf3 38. h5+ Kh7 39. Bxf3 Nxh5 40.
Be4+ Kg8 41. Qe5 Nxg3 42. Bxd5 Ne2+ 43. Kg2 exd5 44. Rg4 Rf7 45. Qe6 Raf8 46.
Qxh6 Rf2+ 0-1

[Event "SG Kirchehren./Eberm. 1-SV Lauf 1"]
[Site "?"]
[Date "2014.11.16"]
[Round "3.5"]
[White "Daumin, Jan"]
[Black "Kramer, Markus"]
[Result "1-0"]
[WhiteElo "1726"]
[BlackElo "1706"]
[PlyCount "65"]
[EventDate "2014.??.??"]
[WhiteTeam "SV Lauf 1"]
[BlackTeam "SG Kirchehren./Eberm. 1"]

1. e4 c5 2. Nc3 Nc6 3. f4 d6 4. Nf3 e6 5. Bb5 Bd7 6. d3 Nge7 7. O-O a6 8. Bxc6
Nxc6 9. Qe1 Be7 10. Bd2 O-O 11. Kh1 Rc8 12. Ne2 b5 13. g4 Nd4 14. Rc1 Nxe2 15.
Qxe2 f5 16. Rg1 fxe4 17. dxe4 Bc6 18. f5 exf5 19. gxf5 Bf6 20. Ng5 Be5 21. Ne6
Qh4 22. Rg4 Qe7 23. Nxf8 Rxf8 24. Rf1 h5 25. Bg5 Qd7 26. Rg2 g6 27. Bh6 Rf6 28.
Rxg6+ Rxg6 29. fxg6 Bg7 30. Rf7 Qh3 31. Rxg7+ Kh8 32. Rf7 Kg8 33. Rf8# 1-0

[Event "SG Kirchehren./Eberm. 1-SV Lauf 1"]
[Site "?"]
[Date "2014.11.16"]
[Round "3.6"]
[White "Thurn, Stephan"]
[Black "Scherb, Ansgar"]
[Result "1-0"]
[WhiteElo "1889"]
[BlackElo "1793"]
[PlyCount "73"]
[EventDate "2014.??.??"]
[WhiteTeam "SG Kirchehren./Eberm. 1"]
[BlackTeam "SV Lauf 1"]

1. d4 Nf6 2. Nf3 e6 3. e3 b6 4. Bd3 Bb7 5. a4 a6 6. O-O Be7 7. Re1 d5 8. b3
Nbd7 9. Ba3 Bxa3 10. Nxa3 Qe7 11. c3 O-O 12. b4 e5 13. Bf5 g6 14. Bc2 e4 15.
Nd2 Nh5 16. f4 exf3 17. Qxf3 f5 18. Bb3 Ndf6 19. e4 fxe4 20. Nxe4 Nxe4 21. Qxe4
Qf7 22. Qe6 Nf4 23. Qxf7+ Rxf7 24. g3 Nh5 25. Re5 c6 26. Rae1 Raf8 27. b5 axb5
28. axb5 Nf6 29. c4 Rd7 30. Re6 c5 31. Rxb6 dxc4 32. Bxc4+ Bd5 33. dxc5 Bxc4
34. Nxc4 Nd5 35. Rd6 Rfd8 36. Rxd7 Rxd7 37. Rd1 1-0

[Event "SG Kirchehren./Eberm. 1-SV Lauf 1"]
[Site "?"]
[Date "2014.11.16"]
[Round "3.7"]
[White "Zach, Andreas"]
[Black "Kuhmann, Heinz"]
[Result "1-0"]
[WhiteElo "1820"]
[BlackElo "1634"]
[PlyCount "79"]
[EventDate "2014.??.??"]
[WhiteTeam "SV Lauf 1"]
[BlackTeam "SG Kirchehren./Eberm. 1"]

1. d4 d5 2. Bg5 Nc6 3. Nf3 g6 4. c3 Bg7 5. Nbd2 Nf6 6. Bxf6 Bxf6 7. e4 dxe4 8.
Nxe4 O-O 9. Nxf6+ exf6 10. Be2 Ne7 11. O-O Bg4 12. Nd2 Bxe2 13. Qxe2 Re8 14.
Qf3 Nc6 15. Ne4 f5 16. Nc5 Rb8 17. b4 Qd6 18. Rfe1 b6 19. Nd3 Rbd8 20. Re3 Rxe3
21. Qxe3 Qe6 22. Nf4 Qxe3 23. fxe3 Ne7 24. c4 Kg7 25. b5 Ng8 26. Nd5 Rd7 27.
Rd1 Nf6 28. Nxf6 Kxf6 29. Kf2 Rd6 30. Ke2 c5 31. dxc5 Rxd1 32. Kxd1 bxc5 33.
Kd2 Ke5 34. Kd3 g5 35. a4 Kd6 36. a5 h5 37. e4 f4 38. e5+ Kxe5 39. b6 axb6 40.
a6 1-0

[Event "SG Kirchehren./Eberm. 1-SV Lauf 1"]
[Site "?"]
[Date "2014.11.16"]
[Round "3.8"]
[White "Seel, Manfred"]
[Black "Walter, Manfred"]
[Result "1-0"]
[WhiteElo "1545"]
[BlackElo "1661"]
[PlyCount "117"]
[EventDate "2014.??.??"]
[WhiteTeam "SG Kirchehren./Eberm. 1"]
[BlackTeam "SV Lauf 1"]

1. c4 d6 2. d4 e5 3. g3 Be7 4. Bg2 c6 5. Nc3 f5 6. dxe5 dxe5 7. Qxd8+ Bxd8 8.
b3 Nf6 9. Bb2 O-O 10. Rd1 Na6 11. a3 Nc5 12. b4 Ne6 13. e3 Bc7 14. Nge2 Rd8 15.
Rxd8+ Nxd8 16. O-O Be6 17. c5 Bc4 18. Rd1 Ne6 19. f4 Rd8 20. Rxd8+ Nxd8 21. h3
Ne6 22. Kf2 a5 23. Na4 axb4 24. axb4 exf4 25. exf4 Nh5 26. Bf3 g6 27. h4 Kf7
28. Bc3 Nf6 29. Nb2 Bd5 30. Bxf6 Bxf3 31. Kxf3 Kxf6 32. Ke3 b6 33. Nd3 bxc5 34.
bxc5 Ke7 35. Nd4 Nxd4 36. Kxd4 Ke6 37. Nb4 Kd7 38. Nd3 Ba5 39. Ne5+ Kc7 40. Nd3
Bd2 41. Ke5 Bc3+ 42. Ke6 Bd4 43. Kf7 Kd7 44. Kg8 Ke6 45. Kxh7 Kf6 46. Ne5 Bf2
47. Nxg6 Bxc5 48. h5 Bf2 49. Kg8 Bxg3 50. h6 Kxg6 51. h7 Bxf4 52. h8=Q Kg5 53.
Qg7+ Kh5 54. Kf7 Kh4 55. Qh7+ Kg4 56. Kg6 Be3 57. Qh5+ Kf4 58. Qxf5+ Kg3 59.
Qe4 1-0

[Event "SC NT Nuernberg 4-SG Bubenr./Moehrendf."]
[Site "?"]
[Date "2014.11.16"]
[Round "3.1"]
[White "Handl, Johannes"]
[Black "Roth, Norbert"]
[Result "1/2-1/2"]
[WhiteElo "1882"]
[BlackElo "2168"]
[PlyCount "119"]
[EventDate "2014.??.??"]
[WhiteTeam "SG Bubenr./Möhrendf. 1"]
[BlackTeam "SC NT Nürnberg 4"]

1. e4 d6 2. d4 Nf6 3. Nc3 c6 4. Nf3 Qa5 5. Bd2 Nbd7 6. Bd3 Qc7 7. O-O e5 8. h3
Be7 9. a4 a5 10. Qe2 O-O 11. dxe5 dxe5 12. Nd1 Nh5 13. Nxe5 Qxe5 14. f4 Bc5+
15. Kh2 Nxf4 16. Bxf4 Qe7 17. Ne3 Ne5 18. Nf5 Bxf5 19. exf5 Nxd3 20. Qxd3 Rad8
21. Qg3 Bd6 22. Rae1 Qf6 23. Be5 Bxe5 24. Qxe5 Rd2 25. Qxf6 gxf6 26. Rf3 Rfd8
27. Re7 Rxc2 28. Rg3+ Kf8 29. Rxb7 h5 30. b4 Rb2 31. b5 cxb5 32. Rxb5 Rxb5 33.
axb5 Rb8 34. Rb3 h4 35. b6 Kg7 36. g4 Kh6 37. Rb5 Kg5 38. Rxa5 Rxb6 39. Ra4
Rb2+ 40. Kg1 Rb3 41. Kg2 Rg3+ 42. Kh2 Rf3 43. Kg2 Rb3 44. Rc4 Kh6 45. Rf4 Rg3+
46. Kh2 Kg7 47. Re4 Kf8 48. Re2 Rf3 49. Re4 Rf2+ 50. Kg1 Rd2 51. Re3 Rd4 52.
Kg2 Kg7 53. Kf3 Kh6 54. Re8 Rd3+ 55. Re3 Rd2 56. Kf4 Rh2 57. Rf3 Rh1 58. Re3
Rf1+ 59. Rf3 Ra1 60. Re3 1/2-1/2

[Event "SC NT Nuernberg 4-SG Bubenr./Moehrendf."]
[Site "?"]
[Date "2014.11.16"]
[Round "3.2"]
[White "Krauss, Hermann"]
[Black "Kretschmer, Lorenz"]
[Result "1-0"]
[WhiteElo "1982"]
[BlackElo "1925"]
[PlyCount "75"]
[EventDate "2014.??.??"]
[WhiteTeam "SC NT Nürnberg 4"]
[BlackTeam "SG Bubenr./Möhrendf. 1"]

1. c4 Nf6 2. Nf3 g6 3. b3 Bg7 4. Bb2 O-O 5. g3 c5 6. Bg2 d6 7. d4 d5 8. Nbd2
cxd4 9. Nxd4 e6 10. Qc1 Re8 11. O-O e5 12. Nc2 Nc6 13. cxd5 Nxd5 14. Rd1 Nde7
15. Nc4 Qc7 16. N2a3 a6 17. Qe3 Nf5 18. Qb6 Qe7 19. Bxc6 bxc6 20. Qxc6 Bb7 21.
Qd7 Nd4 22. Qxe7 Rxe7 23. Kf1 Bc8 24. f3 Bh3+ 25. Kf2 Rd8 26. e3 Ne6 27. Rxd8+
Nxd8 28. g4 Ne6 29. Bxe5 Bxe5 30. Nxe5 f5 31. Kg3 fxg4 32. fxg4 Ng5 33. Nac4
Kg7 34. Rd1 Ne4+ 35. Kf4 Bg2 36. Rg1 g5+ 37. Kf5 Nd6+ 38. Nxd6 1-0

[Event "SC NT Nuernberg 4-SG Bubenr./Moehrendf."]
[Site "?"]
[Date "2014.11.16"]
[Round "3.3"]
[White "Kramer, Manuel"]
[Black "Lutzky, Manfred"]
[Result "0-1"]
[WhiteElo "1861"]
[BlackElo "1890"]
[PlyCount "70"]
[EventDate "2014.??.??"]
[WhiteTeam "SG Bubenr./Möhrendf. 1"]
[BlackTeam "SC NT Nürnberg 4"]

1. d4 d5 2. Nf3 Nf6 3. c4 e6 4. Nc3 Nbd7 5. e3 Be7 6. Be2 O-O 7. O-O c6 8. b3
b6 9. Bb2 Bb7 10. Rc1 Rc8 11. cxd5 cxd5 12. Qd3 Ne4 13. Rc2 f5 14. Rfc1 Bd6 15.
Nb5 Bb8 16. Rxc8 Bxc8 17. Ne5 a6 18. Na3 f4 19. f3 Nxe5 20. dxe5 Nc5 21. Qd4
fxe3 22. Qxe3 Bb7 23. Bd4 Qe7 24. Nc2 Rc8 25. Ne1 Ba7 26. Rc3 Nd7 27. Qc1 Rxc3
28. Qxc3 Nb8 29. Nd3 Nc6 30. Bf2 Qg5 31. f4 Qg6 32. b4 d4 33. Qc4 Nxe5 34. Bf3
Nxc4 35. Bxb7 Qxd3 0-1

[Event "SC NT Nuernberg 4-SG Bubenr./Moehrendf."]
[Site "?"]
[Date "2014.11.16"]
[Round "3.4"]
[White "Junk, Philipp"]
[Black "Loellmann, Heinrich"]
[Result "0-1"]
[WhiteElo "1831"]
[BlackElo "1820"]
[PlyCount "98"]
[EventDate "2014.??.??"]
[WhiteTeam "SC NT Nürnberg 4"]
[BlackTeam "SG Bubenr./Möhrendf. 1"]

1. e4 e6 2. d4 d5 3. Bd3 dxe4 4. Bxe4 Nf6 5. Bf3 Be7 6. Ne2 O-O 7. O-O Nbd7 8.
Bf4 Bd6 9. Bxd6 cxd6 10. c3 d5 11. Ng3 b6 12. Be2 a5 13. f4 g6 14. Nd2 Ba6 15.
Bxa6 Rxa6 16. Qe2 Ra7 17. Rae1 Qb8 18. Nf3 Qxf4 19. Ne5 Qg5 20. Qb5 Qh4 21. Nf3
Qf4 22. Ne5 Qh4 23. Nf3 Qh6 24. h4 Qf4 25. Ne2 Qd6 26. Nc1 Ne4 27. Nd3 Kg7 28.
Qb3 Rc7 29. Qd1 h5 30. Nde5 Ndf6 31. Qd3 Ng3 32. Rf2 Nfe4 33. Ng5 f6 34. Nxe4
Nxe4 35. Nf3 Nxf2 36. Kxf2 e5 37. dxe5 fxe5 38. Kg1 Qc5+ 39. Kh1 e4 40. Qd4+
Rf6 41. Ng5 Qxd4 42. cxd4 Rc2 43. a3 Rff2 44. b4 Rxg2 45. bxa5 bxa5 46. Rb1
Rgd2 47. Kg1 Ra2 48. Kf1 Kf6 49. Rb6+ Kf5 0-1